Organic brain syndromes : (Record no. 1575)

000 -LEADER
fixed length control field 01100nam a22003497a 4500
001 - CONTROL NUMBER
control field 3718083
003 - CONTROL NUMBER IDENTIFIER
control field OSt
005 - DATE AND TIME OF LATEST TRANSACTION
control field 20210423062303.0
008 - FIXED-LENGTH DATA ELEMENTS--GENERAL INFORMATION
fixed length control field 810306s1981 paua b 001 0 eng b
010 ## - LIBRARY OF CONGRESS CONTROL NUMBER
LC control number 80029400
020 ## - INTERNATIONAL STANDARD BOOK NUMBER
International Standard Book Number 0803682093
040 ## - CATALOGING SOURCE
Original cataloging agency DLC
Transcribing agency DLC
Modifying agency DLC
Language of cataloging eng
041 ## - LANGUAGE CODE
Language code of text/sound track or separate title eng
050 00 - LIBRARY OF CONGRESS CALL NUMBER
Classification number RC386
Item number .S77
060 ## - NATIONAL LIBRARY OF MEDICINE CALL NUMBER
Classification number WL 348 S927o
080 ## - UNIVERSAL DECIMAL CLASSIFICATION NUMBER
Universal Decimal Classification number 616.8
Item number S-89
082 00 - DEWEY DECIMAL CLASSIFICATION NUMBER
Classification number 616.8
Edition number 19
100 1# - MAIN ENTRY--PERSONAL NAME
Personal name Strub, Richard L.,
Dates associated with a name 1939-
245 10 - TITLE STATEMENT
Title Organic brain syndromes :
Remainder of title an introduction to neurobehavioral disorders /
Statement of responsibility, etc. / by: F. A. Davis Company
260 ## - PUBLICATION, DISTRIBUTION, ETC.
Place of publication, distribution, etc. Philadelphia
Name of publisher, distributor, etc. F. A. Davis Company
Date of publication, distribution, etc. c1981.
300 ## - PHYSICAL DESCRIPTION
Extent xi, 423 p.
Other physical details ill.
Dimensions 24 cm.
504 ## - BIBLIOGRAPHY, ETC. NOTE
Bibliography, etc. note Includes bibliographies and index.
650 #0 - SUBJECT ADDED ENTRY--TOPICAL TERM
Topical term or geographic name entry element Neurobehavioral disorders.
650 #0 - SUBJECT ADDED ENTRY--TOPICAL TERM
Topical term or geographic name entry element Neurology
9 (RLIN) 100
650 #2 - SUBJECT ADDED ENTRY--TOPICAL TERM
Topical term or geographic name entry element Brain diseases.
650 #2 - SUBJECT ADDED ENTRY--TOPICAL TERM
Topical term or geographic name entry element Behavior.
653 ## - INDEX TERM--UNCONTROLLED
Uncontrolled term ნევროლოგია
653 ## - INDEX TERM--UNCONTROLLED
Uncontrolled term თავის ტვინის დაავადებები
700 1# - ADDED ENTRY--PERSONAL NAME
Personal name Black, F. William,
Relator term joint author.
906 ## - LOCAL DATA ELEMENT F, LDF (RLIN)
a 7
b cbc
c orignew
d 1
e ocip
f 19
g y-gencatlg
942 ## - ADDED ENTRY ELEMENTS (KOHA)
Source of classification or shelving scheme
Koha item type Books
Holdings
Withdrawn status Lost status Source of classification or shelving scheme Damaged status Not for loan Permanent location Current location Date acquired Inventory number Total Checkouts Full call number Barcode Date last seen Price effective from Koha item type
          Ken Walker International University Ken Walker International University 02/19/2021 1390   616.8 S-89 1390 02/19/2021 02/19/2021 Books

Powered by Koha